LIBRARY & INFORMATION CENTRE, KCAET, TAVANUR

ONLINE PUBLIC ACCESS CATALOGUE (OPAC)

Soviet Russia goes to school: A guide to Soviet education / (Record no. 12650)

MARC details
000 -LEADER
fixed length control field 00405cam a2200145ua 4500
041 ## - LANGUAGE CODE
Language code of text/sound track or separate title eng
082 ## - DEWEY DECIMAL CLASSIFICATION NUMBER
Classification number 370.1
Item number KIN/SO
100 ## - MAIN ENTRY--AUTHOR NAME
Personal name King, Beatrice .
245 ## - TITLE STATEMENT
Title Soviet Russia goes to school: A guide to Soviet education /
260 ## - PUBLICATION, DISTRIBUTION, ETC. (IMPRINT)
Place of publication New Delhi :
Name of publisher Peoples publishing house ,
Year of publication 1956.
300 ## - PHYSICAL DESCRIPTION
Number of Pages 264 ; .
942 ## - ADDED ENTRY ELEMENTS (KOHA)
Koha item type Books
Holdings
Withdrawn status Lost status Damaged status Home library Current library Date acquired Full call number Accession Number Koha item type
Withdrawn     KAUAET Malayalam University 07/04/2012 370.1 4712 Books
free website counter